000 00863cam a2200229 4500
001 WB3745-02
008 011129n2001 000 0 eng u
035 _a(Sirsi) u115800
245 _aManufacturers' confidence drops
260 _c2001
490 _aCBI News
_v16 November 2001, (3)
520 _aResearch from the CBI reveals a sharp fall in business confidence and export optimism among small and medium-sized (SME) manufacturing firms in the UK. The CBI's latest SME survey, derived from the Quarterly Industrial Trends, was conducted between 20 September and 10 October 2001 and responses were received from 925 manufacturing companies.
590 _aWB
650 _aCBI
650 _aMANUFACTURERS
650 _aSMES
650 _aINDUSTRIAL TRENDS
650 _aEXPORTS
650 _aORDERS
690 _aBUILT ENVIRONMENT
942 _n0
999 _c68977
_d68977